000 00434nam a2200181Ia 4500
008 210210b1895 xxu||||| |||| 00| 0 eng d
041 _aeng
082 _a512/29
100 _aLOCK (J B)
245 _aTreatise on elementary trigonometry
260 _aLondon
_bMacmillan & Co. Ltd.
_c1895
650 _atrigonometry
650 _aTreatise
650 _aon
650 _aelementary
690 _aTrigonometry
906 _a007232
999 _c139639
_d139639